| 000 | 00629nam a2200193 i 4500 | ||
|---|---|---|---|
| 001 | 98064 | ||
| 003 | ES-MaACL | ||
| 007 | t| | ||
| 008 | 050721s1952 sp ||||1| spa d | ||
| 100 | 1 |
_aColumba Marmion _cBeato. _939909 |
|
| 245 | 1 | 3 |
_aLa Trinidad en nuestra vida espiritual / _cpor Dom Columba Marmion; versión del original francés por el R.P. Agustín S. Ruiz. |
| 260 |
_aBilbao : _bDesclée de Brouwer, _c1952. |
||
| 300 |
_a318 p., 4 h., 1 retr. ; _c19 cm. |
||
| 490 | 1 | _aSpiritus | |
| 700 | 1 |
_aRuiz, Agustín S. _9100588 |
|
| 830 | 0 |
_aSpiritus _9181888 |
|
| 852 |
_aES-MaACL _jC-6071 _bR.33276 |
||
| 999 |
_c98064 _d98064 |
||